Famous People from Mississippi by Picture - Statistics

General Stats
  • This quiz has been taken 18,716 times
    10,163 since last reset
  • The average score is 6 of 12
Answer Stats
Picture Hint Answer % Correct
Tupelo Elvis Presley
99%
Charleston Morgan Freeman
92%
Kosciusko Oprah Winfrey
91%
Kiln Brett Favre
45%
Indianola B. B. King
44%
Pascagoula
"Cheeseburger in Paradise"
Jimmy Buffett
43%
Starkville Jerry Rice
34%
Clarksdale
"A Streetcar named Desire"
Tennessee Williams
32%
Southaven
"The Pelican Brief"
John Grisham
26%
Clinton Lance Bass
25%
Star Faith Hill
22%
Oxford
"The Sound and the Fury"
William Faulkner
21%
No matching quizzes found
Score Distribution
Percent of People with Each Score
Percentile by Number Answered
Your Score History
You have not taken this quiz since the last reset